[Event "Marmelopolis op"]
[Site "Marmelopolis"]
[Date "2024.09.08"]
[Round "5"]
[White "Pinto, Ana Clara Simao"]
[Black "De Freitas, Fiorella R Santos"]
[Result "0-1"]
[WhiteElo "1718"]
[BlackElo "1765"]
[PlyCount "46"]
[EventDate "2024.09.06"]
[EventType "swiss"]
[EventRounds "6"]
[EventCountry "BRA"]
[SourceTitle "EXT 2025"]
[Source "ChessBase"]
[SourceDate "2024.10.14"]
[SourceVersion "1"]
[SourceVersionDate "2024.10.14"]
[SourceQuality "1"]

1. e3 e5 2. Nf3 Nc6 3. e4 Nf6 4. Nc3 Bc5 5. Bb5 Qe7 6. 0-0 0-0 7. Re1 a6 8. Bxc6 dxc6 9. Rf1 Rd8 10. d3 Bb4 11. Bd2 Bg4 12. h3 Bh5 13. a3 Bc5 14. Bg5 h6 15. Bxf6 Qxf6 16. Qd2 Qg6 17. Nxe5 Qf6 18. Nf3 Re8 19. Rfe1 Qg6 20. e5 Bxf3 21. g3 Qh5 22. Rad1 Qxh3 23. Rf1 Qg2# 0-1

[Event "Marmelopolis op"]
[Site "Marmelopolis"]
[Date "2024.09.08"]
[Round "6"]
[White "Santana, Expedito"]
[Black "Pinto, Ana Clara Simao"]
[Result "1-0"]
[WhiteElo "1595"]
[BlackElo "1718"]
[PlyCount "98"]
[EventDate "2024.09.06"]
[EventType "swiss"]
[EventRounds "6"]
[EventCountry "BRA"]
[SourceTitle "EXT 2025"]
[Source "ChessBase"]
[SourceDate "2024.10.14"]
[SourceVersion "1"]
[SourceVersionDate "2024.10.14"]
[SourceQuality "1"]

1. e4 e5 2. Bc4 Nc6 3. Nf3 Nf6 4. 0-0 Bc5 5. Nxe5 Nxe5 6. d4 Bxd4 7. Qxd4 Nxc4 8. Qxc4 0-0 9. e5 Nh5 10. g4 d5 11. Qe2 Nf4 12. Bxf4 h6 13. Nd2 f6 14. h3 fxe5 15. Qxe5 Qf6 16. Qxf6 Rxf6 17. Bg3 Bd7 18. c3 Bb5 19. Rfe1 Re8 20. Rxe8+ Bxe8 21. Bxc7 Re6 22. Bf4 Rb6 23. b3 Bc6 24. Nf3 a5 25. Nd4 Bd7 26. Re1 g5 27. Bc7 Ra6 28. Re5 a4 29. Rxd5 Be8 30. Ra5 Rxa5 31. Bxa5 Kf7 32. Nf5 Kg6 33. Bb4 Bd7 34. Ne7+ Kf6 35. Nd5+ Ke5 36. Nb6 Bc6 37. bxa4 Be4 38. Bf8 Bf3 39. Bxh6 Kf4 40. c4 Bc6 41. a5 Be4 42. Nd5+ Bxd5 43. cxd5 b5 44. axb6 Ke5 45. Bxg5 Kxd5 46. b7 Kc6 47. b8Q Kd5 48. Qc7 Ke4 49. Qc6+ Kd3 1-0

[Event "Marmelopolis op"]
[Site "Marmelopolis"]
[Date "2024.09.06"]
[Round "1"]
[White "Pinto, Ana Clara Simao"]
[Black "Vicencio, Maria Luz Goncalves"]
[Result "0-1"]
[WhiteElo "1718"]
[BlackElo "1665"]
[PlyCount "60"]
[EventDate "2024.09.06"]
[EventType "swiss"]
[EventRounds "6"]
[EventCountry "BRA"]
[SourceTitle "EXT 2025"]
[Source "ChessBase"]
[SourceDate "2024.10.14"]
[SourceVersion "1"]
[SourceVersionDate "2024.10.14"]
[SourceQuality "1"]

1. e4 c5 2. Nc3 g6 3. Nf3 Bg7 4. Bc4 Nc6 5. 0-0 d6 6. Re1 Nf6 7. d3 0-0 8. Bg5 Bg4 9. Bxf6 Bxf6 10. h3 Bd7 11. a3 a6 12. Qd2 b5 13. Ng5 bxc4 14. dxc4 Nd4 15. Nf3 Nxf3+ 16. gxf3 Bxh3 17. Kh2 Qd7 18. Nd5 Rfb8 19. Nxf6+ exf6 20. Qa5 Rxb2 21. Rac1 Qc8 22. Red1 Rab8 23. Rxd6 Be6 24. Rxa6 Bxc4 25. Rxf6 Qd8 26. Rc6 Qxa5 27. f4 Qd2 28. Rf1 Bxf1 29. Rxc5 Qxf2+ 30. Kh1 Qg2# 0-1